Normal view MARC view

Entry Meeting Name

Number of records used in: 1

001 - CONTROL NUMBER

  • control field: 36331

003 - CONTROL NUMBER IDENTIFIER

  • control field: OSt

005 - DATE AND TIME OF LATEST TRANSACTION

  • control field: 20211105135842.0

008 - FIXED-LENGTH DATA ELEMENTS

  • fixed length control field: 211105|| aca||aabn | a|a d

040 ## - CATALOGING SOURCE

  • Original cataloging agency: OSt
  • Transcribing agency: OSt

111 ## - HEADING--MEETING NAME

  • Meeting name or jurisdiction name as entry element: Workshop on Solar Polarization
  • Number of part/section/meeting: 7th
  • Location of meeting: Kunming, China
  • Date of meeting or treaty signing: 2013

670 ## - SOURCE DATA FOUND

  • Source citation: Work cat.: (OSt): Workshop on Solar Polarization 7th Kunming, China 2013, Solar polarization 7, 2014

Powered by Koha